000 01139cam a2200253 4500
008 021212n2002 000 0 eng u
020 _a1903909082
035 _a(Sirsi) u120756
041 _aeng.
050 _a333.33
_c18
100 _aDavies, Andrew
245 2 _aA straightforward guide to buying and selling a home in Britain and France
260 _aLondon
_bStraightforward Publishing
_c2002
300 _aix, 121p.
_c22cm.
350 _a8.99
490 _aStraightforward Guides
520 _aA practical guide to the processes involved in buying a home in Britain and France, which is aimed at both the layperson and the professional. Chapters cover the following topics: looking for a property, the role of estate agents, dealing with intermediaries, buying over the internet, arranging a mortgage, and building a property in Britain and France.
650 _aFRANCE
650 _aBRITAIN
650 _aPROPERTY-RESIDENTIAL PROPERTY-ACQUISITION AND DISPOSAL OF RESIDENTIAL PROPERTY
650 _aPROPERTY-RESIDENTIAL PROPERTY-ACQUISITION AND DISPOSAL OF RESIDENTIAL PROPERTY
690 _aHOUSING
942 _n0
999 _c102558
_d102558